00823cam a2200241Mi 4500008004100000020003100041040001500072100002200087245008500109264004900194300004500243336002600288337002800314338002700342440006000369500002100429504004100450650002500491650002500516650002200541003000100563005001700564  a9780720442571 (Paperback) aNUSTcNUST1 aGlauert, Audrey M10aFixation, dehydration and embedding of biological specimens /cAudrey M. Glauert 1aAmsterdam :bNorth-Holland Publishing,c1975 axvi, 353 pages :billustrations ;c23 cm atextbtxt2rdacontent aunmediatedbn2rdamedia avolumebnc2rdacarrier1 aPractical methods in electron microscopy ;vv. 3, pt. 1 aIncludes indexes aIncludes bibliographical references  0aHistologyxTechnique 2aMicroscopy, Electron 2aSpecimen Handling20230123141217.0